000 00426pab a2200145 454500
008 180718b2015 xxu||||| |||| 00| 0 eng d
100 _aInamete, Ufot B.
245 _aThe academic discipline of management and the Bologna process: the impacts on the United States in a globalizing world
260 _c2015
300 _ap.49-57.
362 _aMar
650 _aManagement education
773 _aVision
909 _a108403
999 _c108398
_d108398